000 00361 a2200157 4500
001 149359
040 _cEscola São Tomás de Aquino
100 _aMACHADO, Ana Maria
240 1 0 _aBisa Bia, bisa Bel
_lpor
245 1 0 _aBisa Bia, bisa Bel
300 _a55
362 0 _a1990
440 1 _aSalamandra
697 _a*LITERATURA INFANTO JUVENIL
942 _cBK
999 _c149359
_d149359